000 00216nam a22000857a 4500
008 170118b xxu||||| |||| 00| 0 eng d
100 _92463
_aSharma.B.S.etal.
245 _aMission-NTSE
260 _aNew Delhi
_bS.Chand
_c2013
999 _c5524
_d5524